Samsung Galaxy Tab 10.1 for DUMMIES (Record no. 18818)

MARC details
000 -LEADER
fixed length control field 00444nam a22001817a 4500
005 - DATE AND TIME OF LATEST TRANSACTION
control field 20230704123044.0
008 - FIXED-LENGTH DATA ELEMENTS--GENERAL INFORMATION
fixed length control field 230704b |||||||| |||| 00| 0 eng d
020 ## - INTERNATIONAL STANDARD BOOK NUMBER
ISBN 9781118228333
082 ## - DEWEY DECIMAL CLASSIFICATION NUMBER
Classification number 004.165
Item number GOO-S
100 ## - MAIN ENTRY--AUTHOR
Author Name Gookin;Dan
245 ## - TITLE STATEMENT
Title Samsung Galaxy Tab 10.1 for DUMMIES
260 ## - PUBLICATION, DISTRIBUTION, ETC.
Place of Publication Canada
Name of publisher, distributor, etc. John Wiley&Sons
Date of publication, distribution, etc. 2012
300 ## - PHYSICAL DESCRIPTION
Pages 318
500 ## - GENERAL NOTE
General note Include index
650 ## - SUBJECT ADDED ENTRY--TOPICAL TERM
Subject / Department Computer
700 ## - ADDED ENTRY--PERSONAL NAME
Personal name Dan,Gookin
952 ## - LOCATION AND ITEM INFORMATION (KOHA)
-- 0
-- 0
Holdings
Lost status Damaged status Permanent Location Current Location Shelving Location Date acquired Full Call Number Accession No./Barcode Date last seen item type
    Superior Information Resource Center (SIRC) Superior University- Main Campus Superior Information Resource Center (SIRC) Superior University- Main Campus Compouter 07/04/2023 004.165 GOO-S 2012 2020 07/04/2023 BOOK

Powered by Koha